000 00309nam a2200133 a 4500
005 20140414093846.0
008 100218s19uu xx uuu eng d
050 _aCDB 910
_bPLA 2005
245 _aPlanet geography - CD-A.
650 _aGeography.
650 _aPlanets.
942 _cAVM
999 _c109631
_d109631